Statistics for Top 20 Players ever to put on a Celtics jersey

Click here to take the quiz!

General Stats

  • This quiz has been taken 37 times
    (4 since last reset)
  • The average score is 17 of 20

Answer Stats

RankPlayer% Correct
1Bill Russell
100%
6Bill Walton
100%
9Bob Cousy
100%
12Bob McAdoo
100%
15Dominique Wilkins
100%
14Jayson Tatum
100%
5John Havlicek
100%
4Kevin Garnett
100%
18Kevin McHale
100%
3Larry Bird
100%
10Paul Pierce
100%
20Robert Parish
100%
19Sam Jones
100%
2Shaquille O'Neal
100%
13Dave Cowens
67%
7Gary Payton
67%
16Nate Archibald
67%
8Ray Allen
67%
11Artis Gilmore
33%
17Kyrie Irving
33%

Score Distribution

Percentile by Number Answered

Percent of People with Each Score

Your Score History

You have not taken this quiz since the last reset